Pháp luật về xác định giá đất trong khu tái định cư khi nhà nước thu hồi đất vì mục đích phát triển kinh tế - xã hội : Luận văn Thạc sĩ Luật học. Chuyên ngành Luật kinh tế

Làm rõ các cơ sở lý luận của các nhà khoa học, nhà nghiên cứu trong lĩnh vực giá đất. Phân tích những hạn chế bất cập trong công tác xác định giá đất tái định cư và đề ra biện pháp cải thiện....

Full beskrivning

Sparad:
Bibliografiska uppgifter
Huvudupphovsman: Ngô, Huy Thái
Materialtyp: Bok
Språk:Undetermined
Publicerad: Cần Thơ Trường Đại học Cần Thơ 2016
Ämnen:
Taggar: Lägg till en tagg
Inga taggar, Lägg till första taggen!
Thư viện lưu trữ: Trung tâm Học liệu Trường Đại học Cần Thơ
LEADER 01336nam a2200241Ia 4500
001 CTU_221457
008 210402s9999 xx 000 0 und d
082 |a 346.597043 
082 |b Th103 
088 |a 60380107 
100 |a Ngô, Huy Thái 
245 0 |a Pháp luật về xác định giá đất trong khu tái định cư khi nhà nước thu hồi đất vì mục đích phát triển kinh tế - xã hội : 
245 0 |b Luận văn Thạc sĩ Luật học. Chuyên ngành Luật kinh tế 
245 0 |c Ngô Huy Thái ; Phan Trung Hiền (Cán bộ hướng dẫn) 
260 |a Cần Thơ 
260 |b Trường Đại học Cần Thơ 
260 |c 2016 
520 |a Làm rõ các cơ sở lý luận của các nhà khoa học, nhà nghiên cứu trong lĩnh vực giá đất. Phân tích những hạn chế bất cập trong công tác xác định giá đất tái định cư và đề ra biện pháp cải thiện. 
650 |a Land reform,Quyền sử dụng đất 
650 |x Law and legislation,Luật và các văn bản quy phạm pháp luật 
650 |z Vietnam,Việt Nam 
904 |i Nghị, My,Hải 
980 |a Trung tâm Học liệu Trường Đại học Cần Thơ